00990nam a2200253 a 450000100100000000500170001000800410002702000150006804000250008308200180010810000370012624500480016326000690021130000360028050400320031665000320034865000260038065000290040691000370043504900090047295201220048195201160060399900170071900004311120201002040640.0140219s1994 sp ac 001 0 spa d a8479471638 aDO-SdBNPbspacBNPHU a759.46bV473a1 aVera, Cristino de,d1931-97064510aAntológica 1954-1994 /cCristino de Vera. aIslas Canarias :bViceconsejería de Cultura y Deportes,c1994. a123 p. :bil., retrs. ;c26 cm. aBibliografía: p. 119-123. 4aPintores españoles941747 4aArte español970646 4aPintura española98801 aValidado. Control de calidad EMS aBNPD 001150718MOaGRbGRcMId2014-03-11iLF1l0o759.46 V473ap43111-20r2020-06-25te. 2w2020-06-25y1ZNo se presta 001050718MOaGRbGRcHDd2014-02-19iLF1l0o759.46 V473ap43111-10r2020-06-25w2020-06-25y1ZNo se presta c42600d42600